000 01126nam a22003257a 4500
003 CHAP
005 20220329143110.0
008 060320d2005 mx r 00110 spa d
010 _a91908
011 _a92880
020 _a9680201724
035 _a103447
040 _cCHAP
082 0 4 _a633.15
_bM31
100 0 0 _aMárquez Sánchez, Fidel.
_976354
245 1 0 _aNuevas ecuaciones endogámicas para el mejoramiento genético del maíz :
_binvestigaciones teóricas personales
_c/por Fidel Márquez Sánchez
260 _aChapingo, Méx. :
_bUACH. Dirección de Centros Regionales. Centro Regional Universitario de Occidente,
_c2005.
300 _a129 p.
590 _aBATCH-UPD
_b10
_c20130110
_lUCH01
_h1720
590 _aBATCH-UPD
_b10
_c20130410
_lUCH01
_h1104
590 _aBATCH-UPD
_b10
_c20130914
_lUCH01
_h1305
590 _aCONVERSION
_b10
_c20130109
_lUCH01
_h1351
650 1 4 _aEndogamia.
_936873
650 1 4 _aMaíz
_xGenética.
_970963
650 1 4 _aMaíz
_xMejoramiento.
_971006
901 _aBK
905 _aLilia
942 _cLIBRO
949 _a633.15 M31
_bBC
_cUACH
_d33724000959045
_eUACH
_h107879
_i103447
_sb
999 _c91908
_d91908